Statistics simplified : an introduction for social scientists and others /
Zapisane w:
| 1. autor: | |
|---|---|
| Format: | Książka |
| Język: | English |
| Wydane: |
Sydney :
Harcourt Brace,
1981.
|
| Hasła przedmiotowe: | |
| Etykiety: |
Dodaj etykietę
Nie ma etykietki, Dołącz pierwszą etykiete!
|
| Thư viện lưu trữ: | Mạng thư viện Đại học Đà Nẵng |
|---|
| LEADER | 00906cam a2200325 i 4500 | ||
|---|---|---|---|
| 001 | 000045916 | ||
| 003 | 5135 | ||
| 005 | 20030410083920.0 | ||
| 008 | 010220|1981 vm 000 eng | ||
| 020 | |a 0729502090 (pbk.) | ||
| 040 | |a IRC |c IRC |d IRC | ||
| 041 | 0 | |a eng | |
| 082 | 1 | 4 | |a 519.5 |b NA-G |
| 100 | 1 | |a Naylor, George F. K. |q (George Francis King) | |
| 245 | 0 | 0 | |a Statistics simplified : |b an introduction for social scientists and others / |c George F. K. (George Francis King) Naylor. |
| 260 | |a Sydney : |b Harcourt Brace, |c 1981. | ||
| 300 | |a xvi, 167p. : |b ill. | ||
| 630 | 0 | 4 | |a Statistics. |
| 650 | 0 | 4 | |a Mathematical statistics. |
| 650 | 0 | 4 | |a Statistics. |
| OWN | |a DUT | ||
| 999 | |a From the UDN01 | ||
| TYP | |a Monograph | ||
| TYP | |a Printed language | ||
| 980 | |a Mạng thư viện Đại học Đà Nẵng | ||


